[Event "ODJM B 2025"]
[Site "Willingen GER"]
[Date "2025.06.09"]
[Round "3"]
[White "Heitmann, Erik"]
[Black "Golke, Philipp"]
[Result "0-1"]
[Termination "normal"]
[Board "20"]
[WhiteElo "1798"]
[BlackElo "1729"]
[WhiteClock "00:08:21"]
[BlackClock "00:34:58"]
[PlyCount "106"]
[WhiteFideId "34608940"]
[BlackFideId "34625259"]
[EventCountry "GER"]
[EventRounds "9"]
[EventType "swiss"]
[EventDate "2025.06.07"]

1. d4 {[%clk 01:30:56]} {[%emt 00:00:04]} Nf6 {[%clk 01:30:49]} {[%emt
00:00:11]} 2. c4 {[%clk 01:31:20]} {[%emt 00:00:06]} e6 {[%clk 01:31:14]}
{[%emt 00:00:05]} 3. Nc3 {[%clk 01:31:45]} {[%emt 00:00:05]} Bb4 {[%clk
01:31:27]} {[%emt 00:00:17]} 4. e3 {[%clk 01:31:28]} {[%emt 00:00:48]} c6
{[%clk 01:31:35]} {[%emt 00:00:22]} 5. Bd3 {[%clk 01:30:48]} {[%emt 00:01:10]}
d5 {[%clk 01:31:54]} {[%emt 00:00:10]} 6. a3 {[%clk 01:27:07]} {[%emt
00:04:12]} Bxc3+ {[%clk 01:23:36]} {[%emt 00:08:47]} 7. bxc3 {[%clk 01:27:29]}
{[%emt 00:00:08]} dxc4 {[%clk 01:22:56]} {[%emt 00:01:11]} 8. Bxc4 {[%clk
01:27:41]} {[%emt 00:00:18]} e5 {[%clk 01:23:04]} {[%emt 00:00:22]} 9. Qb3
{[%clk 01:23:45]} {[%emt 00:04:25]} O-O {[%clk 01:19:07]} {[%emt 00:04:27]} 10.
dxe5 {[%clk 01:19:41]} {[%emt 00:04:34]} Nfd7 {[%clk 01:19:25]} {[%emt
00:00:13]} 11. Bxf7+ {[%clk 01:08:15]} {[%emt 00:11:56]} Kh8 {[%clk 01:14:07]}
{[%emt 00:05:48]} 12. Nf3 {[%clk 01:05:48]} {[%emt 00:02:57]} Nc5 {[%clk
01:14:14]} {[%emt 00:00:22]} 13. Qc4 {[%clk 01:03:44]} {[%emt 00:02:34]} Nd3+
{[%clk 01:14:32]} {[%emt 00:00:13]} 14. Ke2 {[%clk 01:03:33]} {[%emt 00:00:40]}
Nxc1+ {[%clk 01:12:03]} {[%emt 00:03:00]} 15. Raxc1 {[%clk 01:03:45]} {[%emt
00:00:18]} b6 {[%clk 01:12:29]} {[%emt 00:00:04]} 16. Qb3 {[%clk 01:01:44]}
{[%emt 00:02:30]} Qe7 {[%clk 01:12:32]} {[%emt 00:00:28]} 17. Bc4 {[%clk
00:51:43]} {[%emt 00:10:31]} Bg4 {[%clk 01:12:16]} {[%emt 00:00:45]} 18. Qb4
{[%clk 00:47:57]} {[%emt 00:04:15]} c5 {[%clk 01:12:14]} {[%emt 00:00:33]} 19.
Qb3 {[%clk 00:45:42]} {[%emt 00:02:45]} Nd7 {[%clk 01:12:24]} {[%emt 00:00:20]}
20. Bd5 {[%clk 00:39:07]} {[%emt 00:07:05]} Rad8 {[%clk 01:09:24]} {[%emt
00:03:30]} 21. h3 {[%clk 00:32:21]} {[%emt 00:07:16]} Bxf3+ {[%clk 01:09:28]}
{[%emt 00:00:26]} 22. Bxf3 {[%clk 00:30:42]} {[%emt 00:02:09]} Nxe5 {[%clk
01:09:51]} {[%emt 00:00:07]} 23. Bd5 {[%clk 00:29:46]} {[%emt 00:01:26]} Ng6
{[%clk 00:58:19]} {[%emt 00:12:02]} 24. g3 {[%clk 00:27:34]} {[%emt 00:02:42]}
Rde8 {[%clk 00:57:45]} {[%emt 00:01:04]} 25. c4 {[%clk 00:24:42]} {[%emt
00:03:22]} Qf6 {[%clk 00:56:15]} {[%emt 00:01:58]} 26. f3 {[%clk 00:22:06]}
{[%emt 00:03:09]} Ne7 {[%clk 00:56:18]} {[%emt 00:00:22]} 27. e4 {[%clk
00:19:55]} {[%emt 00:02:44]} Nxd5 {[%clk 00:48:20]} {[%emt 00:08:28]} 28. cxd5
{[%clk 00:20:19]} {[%emt 00:00:06]} Qd4 {[%clk 00:48:22]} {[%emt 00:00:29]} 29.
Rcd1 {[%clk 00:18:02]} {[%emt 00:02:46]} Rxe4+ {[%clk 00:46:44]} {[%emt
00:02:10]} 30. fxe4 {[%clk 00:11:22]} {[%emt 00:07:09]} Qf2+ {[%clk 00:47:02]}
{[%emt 00:00:10]} 31. Kd3 {[%clk 00:11:44]} {[%emt 00:00:10]} Rf3+ {[%clk
00:47:18]} {[%emt 00:00:13]} 32. Kc4 {[%clk 00:11:56]} {[%emt 00:00:18]} Rxb3
{[%clk 00:47:03]} {[%emt 00:00:45]} 33. Kxb3 {[%clk 00:12:00]} {[%emt
00:00:26]} Qe3+ {[%clk 00:44:07]} {[%emt 00:03:26]} 34. Kb2 {[%clk 00:11:29]}
{[%emt 00:01:02]} c4 {[%clk 00:44:17]} {[%emt 00:00:21]} 35. Rhf1 {[%clk
00:09:25]} {[%emt 00:02:33]} Qb3+ {[%clk 00:44:08]} {[%emt 00:00:39]} 36. Kc1
{[%clk 00:09:03]} {[%emt 00:00:50]} Qxa3+ {[%clk 00:44:20]} {[%emt 00:00:19]}
37. Kd2 {[%clk 00:08:30]} {[%emt 00:01:01]} Qd3+ {[%clk 00:44:27]} {[%emt
00:00:26]} 38. Kc1 {[%clk 00:08:54]} {[%emt 00:00:05]} Qc3+ {[%clk 00:44:42]}
{[%emt 00:00:16]} 39. Kb1 {[%clk 00:09:19]} {[%emt 00:00:05]} Qb4+ {[%clk
00:42:55]} {[%emt 00:02:17]} 40. Kc2 {[%clk 00:09:20]} {[%emt 00:00:29]} Qb3+
{[%clk 00:38:25]} {[%emt 00:04:59]} 41. Kc1 {[%clk 00:08:35]} {[%emt 00:01:15]}
h6 {[%clk 00:36:11]} {[%emt 00:02:45]} 42. Rd2 {[%clk 00:08:51]} {[%emt
00:00:14]} c3 {[%clk 00:36:14]} {[%emt 00:00:27]} 43. Rc2 {[%clk 00:08:29]}
{[%emt 00:00:52]} b5 {[%clk 00:36:03]} {[%emt 00:00:41]} 44. Rf3 {[%clk
00:07:30]} {[%emt 00:01:29]} b4 {[%clk 00:35:45]} {[%emt 00:00:47]} 45. d6
{[%clk 00:07:07]} {[%emt 00:00:54]} Qa4 {[%clk 00:35:12]} {[%emt 00:01:03]} 46.
Kb1 {[%clk 00:06:50]} {[%emt 00:00:47]} b3 {[%clk 00:35:26]} {[%emt 00:00:16]}
47. Rcxc3 {[%clk 00:06:48]} {[%emt 00:00:32]} Qa2+ {[%clk 00:35:45]} {[%emt
00:00:11]} 48. Kc1 {[%clk 00:07:12]} {[%emt 00:00:05]} b2+ {[%clk 00:36:10]}
{[%emt 00:00:06]} 49. Kd2 {[%clk 00:07:27]} {[%emt 00:00:11]} b1=Q+ {[%clk
00:34:25]} {[%emt 00:02:19]} 50. Ke3 {[%clk 00:07:51]} {[%emt 00:00:06]} Qe1+
{[%clk 00:34:22]} {[%emt 00:00:32]} 51. Kf4 {[%clk 00:08:05]} {[%emt 00:00:16]}
Qf7+ {[%clk 00:34:22]} {[%emt 00:00:31]} 52. Ke5 {[%clk 00:08:18]} {[%emt
00:00:16]} Qe8+ {[%clk 00:34:43]} {[%emt 00:00:09]} 53. Kd5 {[%clk 00:08:21]}
{[%emt 00:00:28]} Q1xe4+ {[%clk 00:34:58]} {[%emt 00:00:14]} 0-1

[Event "ODJM B 2025"]
[Site "Willingen GER"]
[Date "2025.06.09"]
[Round "3"]
[White "Frank, Carolin"]
[Black "Schöne, Finn"]
[Result "0-1"]
[Termination "normal"]
[Board "21"]
[WhiteElo "1724"]
[BlackElo "1843"]
[WhiteClock "00:02:38"]
[BlackClock "00:03:56"]
[PlyCount "54"]
[WhiteFideId "16207190"]
[BlackFideId "34623493"]
[EventCountry "GER"]
[EventRounds "9"]
[EventType "swiss"]
[EventDate "2025.06.07"]

1. Nf3 {[%clk 01:30:57]} {[%emt 00:00:03]} d5 {[%clk 01:30:56]} {[%emt
00:00:05]} 2. g3 {[%clk 01:31:17]} {[%emt 00:00:09]} Nf6 {[%clk 01:30:53]}
{[%emt 00:00:34]} 3. Bg2 {[%clk 01:31:31]} {[%emt 00:00:16]} Bf5 {[%clk
01:29:18]} {[%emt 00:02:05]} 4. O-O {[%clk 01:31:34]} {[%emt 00:00:27]} e6
{[%clk 01:29:23]} {[%emt 00:00:25]} 5. d3 {[%clk 01:31:44]} {[%emt 00:00:20]}
h6 {[%clk 01:29:10]} {[%emt 00:00:43]} 6. Nbd2 {[%clk 01:31:43]} {[%emt
00:00:30]} Bd6 {[%clk 01:26:42]} {[%emt 00:02:58]} 7. b3 {[%clk 01:31:39]}
{[%emt 00:00:35]} O-O {[%clk 01:25:46]} {[%emt 00:01:26]} 8. Bb2 {[%clk
01:31:57]} {[%emt 00:00:12]} Nbd7 {[%clk 01:25:12]} {[%emt 00:01:04]} 9. e4
{[%clk 01:01:41]} {[%emt 00:30:46]} dxe4 {[%clk 01:19:42]} {[%emt 00:06:00]}
10. dxe4 {[%clk 01:01:34]} {[%emt 00:00:37]} Nxe4 {[%emt 00:01:51]} 11. Nh4
{[%clk 01:00:36]} {[%emt 00:01:26]} Nxd2 {[%clk 01:04:43]} {[%emt 00:14:10]}
12. Qxd2 {[%clk 00:54:42]} {[%emt 00:06:24]} Rb8 {[%clk 01:02:20]} {[%emt
00:02:53]} 13. Nxf5 {[%clk 00:53:45]} {[%emt 00:01:26]} exf5 {[%clk 01:02:44]}
{[%emt 00:00:07]} 14. Rad1 {[%clk 00:48:21]} {[%emt 00:05:54]} Qg5 {[%clk
00:47:00]} {[%emt 00:16:14]} 15. Qd3 {[%clk 00:31:03]} {[%emt 00:17:47]} Nc5
{[%clk 00:42:47]} {[%emt 00:04:43]} 16. Qc4 {[%clk 00:24:39]} {[%emt 00:06:54]}
Ne4 {[%clk 00:18:47]} {[%emt 00:24:30]} 17. Bxe4 {[%clk 00:21:23]} {[%emt
00:03:47]} fxe4 {[%clk 00:19:11]} {[%emt 00:00:06]} 18. Qxe4 {[%clk 00:21:24]}
{[%emt 00:00:28]} Rfe8 {[%clk 00:19:24]} {[%emt 00:00:17]} 19. Qc4 {[%clk
00:19:57]} {[%emt 00:01:57]} Re6 {[%clk 00:14:32]} {[%emt 00:05:20]} 20. Rd4
{[%clk 00:15:08]} {[%emt 00:05:20]} Qf5 {[%clk 00:08:47]} {[%emt 00:06:16]} 21.
Rd5 {[%clk 00:12:39]} {[%emt 00:02:58]} Qf3 {[%clk 00:07:54]} {[%emt 00:01:24]}
22. Qd4 {[%clk 00:10:23]} {[%emt 00:02:46]} f6 {[%clk 00:06:38]} {[%emt
00:01:47]} 23. Qc4 {[%clk 00:09:23]} {[%emt 00:01:29]} Rbe8 {[%clk 00:04:35]}
{[%emt 00:02:33]} 24. Rd3 {[%clk 00:07:58]} {[%emt 00:01:54]} Qe2 {[%clk
00:03:59]} {[%emt 00:01:07]} 25. Rfd1 {[%clk 00:04:17]} {[%emt 00:04:11]} Kh8
{[%clk 00:03:52]} {[%emt 00:00:37]} 26. Rd4 {[%clk 00:02:35]} {[%emt 00:02:11]}
Qf3 {[%clk 00:03:46]} {[%emt 00:00:37]} 27. R4d3 {[%clk 00:02:38]} {[%emt
00:00:27]} Re1+ {[%clk 00:03:56]} {[%emt 00:00:20]} 0-1

[Event "ODJM B 2025"]
[Site "Willingen GER"]
[Date "2025.06.09"]
[Round "3"]
[White "Müller, Maximilian"]
[Black "Borukhson, Benjamin Joel"]
[Result "0-1"]
[Termination "normal"]
[Board "22"]
[WhiteElo "1745"]
[BlackElo "1717"]
[WhiteClock "00:12:20"]
[BlackClock "00:02:01"]
[PlyCount "138"]
[WhiteFideId "34640282"]
[BlackFideId "34612920"]
[EventCountry "GER"]
[EventRounds "9"]
[EventType "swiss"]
[EventDate "2025.06.07"]

1. d4 {[%clk 01:30:59]} {[%emt 00:00:01]} Nf6 {[%clk 01:30:39]} {[%emt
00:00:20]} 2. c4 {[%clk 01:31:25]} {[%emt 00:00:04]} e6 {[%clk 01:31:05]}
{[%emt 00:00:04]} 3. Nf3 {[%clk 01:31:52]} {[%emt 00:00:04]} d5 {[%clk
01:31:01]} {[%emt 00:00:35]} 4. Nc3 {[%clk 01:32:17]} {[%emt 00:00:04]} c5
{[%clk 01:31:20]} {[%emt 00:00:11]} 5. cxd5 {[%clk 01:32:42]} {[%emt 00:00:05]}
Nxd5 {[%clk 01:31:26]} {[%emt 00:00:24]} 6. e4 {[%clk 01:32:57]} {[%emt
00:00:15]} Nf6 {[%clk 01:19:00]} {[%emt 00:12:54]} 7. Bf4 {[%clk 01:21:20]}
{[%emt 00:12:08]} a6 {[%clk 01:11:26]} {[%emt 00:08:04]} 8. Be2 {[%clk
01:07:10]} {[%emt 00:14:40]} Be7 {[%clk 01:04:50]} {[%emt 00:07:06]} 9. O-O
{[%clk 01:03:23]} {[%emt 00:04:18]} O-O {[%clk 01:04:18]} {[%emt 00:01:02]} 10.
Rc1 {[%clk 01:00:42]} {[%emt 00:03:11]} b6 {[%clk 00:53:17]} {[%emt 00:11:30]}
11. dxc5 {[%clk 00:56:01]} {[%emt 00:05:11]} Bxc5 {[%clk 00:52:26]} {[%emt
00:01:22]} 12. Qc2 {[%clk 00:52:50]} {[%emt 00:03:41]} Bb7 {[%clk 00:45:31]}
{[%emt 00:07:23]} 13. Ne5 {[%clk 00:48:56]} {[%emt 00:04:25]} Qe7 {[%clk
00:38:41]} {[%emt 00:07:20]} 14. Bf3 {[%clk 00:46:23]} {[%emt 00:03:03]} Nbd7
{[%clk 00:30:55]} {[%emt 00:08:17]} 15. Rfd1 {[%clk 00:42:53]} {[%emt
00:03:59]} Nxe5 {[%clk 00:28:24]} {[%emt 00:03:01]} 16. Bxe5 {[%clk 00:43:17]}
{[%emt 00:00:06]} Nd7 {[%clk 00:23:07]} {[%emt 00:05:48]} 17. Bd4 {[%clk
00:41:10]} {[%emt 00:02:37]} Bxd4 {[%clk 00:19:57]} {[%emt 00:03:40]} 18. Rxd4
{[%clk 00:41:30]} {[%emt 00:00:09]} Ne5 {[%clk 00:20:02]} {[%emt 00:00:25]} 19.
Be2 {[%emt 00:05:00]} Rfd8 {[%clk 00:18:22]} 20. Rcd1 {[%clk 00:38:11]} {[%emt
00:01:29]} Rxd4 {[%clk 00:17:47]} {[%emt 00:01:05]} 21. Rxd4 {[%clk 00:38:33]}
{[%emt 00:00:09]} Nc6 {[%clk 00:14:54]} {[%emt 00:03:23]} 22. Rd2 {[%clk
00:37:45]} {[%emt 00:01:17]} Rd8 {[%clk 00:13:58]} {[%emt 00:01:26]} 23. Qd1
{[%clk 00:37:35]} {[%emt 00:00:40]} Kf8 {[%clk 00:09:56]} {[%emt 00:04:33]} 24.
Na4 {[%clk 00:34:27]} {[%emt 00:03:37]} Rxd2 {[%clk 00:08:44]} {[%emt
00:01:42]} 25. Qxd2 {[%clk 00:34:53]} {[%emt 00:00:04]} b5 {[%clk 00:09:02]}
{[%emt 00:00:13]} 26. Nc3 {[%clk 00:34:02]} {[%emt 00:01:21]} Ke8 {[%clk
00:06:45]} {[%emt 00:02:47]} 27. Qe3 {[%clk 00:23:06]} {[%emt 00:11:25]} Qd7
{[%clk 00:04:11]} {[%emt 00:03:04]} 28. Qg5 {[%clk 00:18:02]} {[%emt 00:05:35]}
Qd4 {[%clk 00:03:31]} {[%emt 00:01:07]} 29. a3 {[%clk 00:13:58]} {[%emt
00:04:36]} b4 {[%clk 00:02:10]} {[%emt 00:01:51]} 30. axb4 {[%clk 00:14:11]}
{[%emt 00:00:17]} Nxb4 {[%clk 00:02:08]} {[%emt 00:00:32]} 31. Qf4 {[%clk
00:12:58]} {[%emt 00:01:43]} e5 {[%clk 00:01:43]} {[%emt 00:00:55]} 32. Qc1
{[%clk 00:12:11]} {[%emt 00:01:17]} Bxe4 {[%clk 00:01:20]} {[%emt 00:00:53]}
33. Nxe4 {[%clk 00:12:33]} {[%emt 00:00:07]} Qxe4 {[%clk 00:01:50]} {[%emt
00:00:01]} 34. Qc8+ {[%clk 00:12:26]} {[%emt 00:00:38]} Ke7 {[%clk 00:02:03]}
{[%emt 00:00:16]} 35. Qc7+ {[%clk 00:12:37]} {[%emt 00:00:19]} Kf6 {[%clk
00:01:44]} {[%emt 00:00:49]} 36. Qd6+ {[%clk 00:11:13]} {[%emt 00:01:55]} Kg5
{[%clk 00:02:07]} {[%emt 00:00:06]} 37. Bxa6 {[%clk 00:11:10]} {[%emt
00:00:34]} Nxa6 {[%clk 00:02:14]} {[%emt 00:00:23]} 38. Qxa6 {[%clk 00:11:36]}
{[%emt 00:00:03]} Qb1+ {[%clk 00:02:36]} {[%emt 00:00:07]} 39. Qf1 {[%clk
00:12:02]} {[%emt 00:00:05]} Qxb2 {[%clk 00:02:53]} {[%emt 00:00:13]} 40. g3
{[%clk 00:12:07]} {[%emt 00:00:25]} Qd4 {[%clk 00:01:43]} {[%emt 00:01:40]} 41.
h4+ {[%clk 00:11:50]} {[%emt 00:00:46]} Kg6 {[%clk 00:30:04]} {[%emt 00:02:09]}
42. Qb1+ {[%clk 00:40:56]} {[%emt 00:01:25]} e4 {[%clk 00:28:18]} {[%emt
00:02:16]} 43. Qc1 {[%clk 00:40:05]} {[%emt 00:01:20]} Qe5 {[%clk 00:25:03]}
{[%emt 00:03:44]} 44. Qe3 {[%clk 00:39:42]} {[%emt 00:00:55]} h6 {[%clk
00:24:11]} {[%emt 00:01:22]} 45. Qb6+ {[%emt 00:02:10]} Qf6 {[%clk 00:23:49]}
{[%emt 00:00:49]} 46. Qc5 {[%clk 00:36:24]} {[%emt 00:02:11]} Qf5 {[%clk
00:22:48]} {[%emt 00:01:30]} 47. Qd4 {[%clk 00:31:03]} {[%emt 00:05:51]} Qe6
{[%clk 00:18:08]} {[%emt 00:05:09]} 48. Qe3 {[%clk 00:29:43]} {[%emt 00:01:53]}
Qg4 {[%clk 00:15:33]} {[%emt 00:03:03]} 49. Qd4 {[%clk 00:28:21]} {[%emt
00:01:54]} Kh5 {[%clk 00:11:45]} {[%emt 00:04:17]} 50. Qd5+ {[%clk 00:25:22]}
{[%emt 00:03:29]} f5 {[%clk 00:12:01]} {[%emt 00:00:13]} 51. Qf7+ {[%clk
00:25:10]} {[%emt 00:00:43]} g6 {[%clk 00:12:23]} {[%emt 00:00:08]} 52. Qe6
{[%clk 00:24:04]} {[%emt 00:01:36]} f4 {[%clk 00:05:28]} {[%emt 00:07:24]} 53.
Qxe4 {[%clk 00:22:36]} {[%emt 00:01:59]} fxg3 {[%clk 00:05:39]} {[%emt
00:00:19]} 54. Qd5+ {[%clk 00:19:13]} {[%emt 00:03:53]} Kxh4 {[%clk 00:05:54]}
{[%emt 00:00:14]} 55. Qh1+ {[%clk 00:19:36]} {[%emt 00:00:08]} Kg5 {[%clk
00:03:38]} {[%emt 00:02:45]} 56. Qd5+ {[%clk 00:19:56]} {[%emt 00:00:10]} Qf5
{[%clk 00:03:52]} {[%emt 00:00:16]} 57. Qd2+ {[%clk 00:18:18]} {[%emt
00:02:09]} Qf4 {[%clk 00:03:47]} {[%emt 00:00:34]} 58. Qd5+ {[%clk 00:17:19]}
{[%emt 00:01:28]} Kh4 {[%clk 00:03:50]} {[%emt 00:00:27]} 59. fxg3+ {[%clk
00:12:32]} {[%emt 00:05:18]} Qxg3+ {[%clk 00:04:14]} {[%emt 00:00:07]} 60. Kh1
{[%clk 00:12:33]} {[%emt 00:00:29]} Qe1+ {[%clk 00:02:58]} {[%emt 00:01:45]}
61. Kh2 {[%clk 00:12:17]} {[%emt 00:00:47]} Qf2+ {[%clk 00:03:00]} {[%emt
00:00:27]} 62. Kh1 {[%clk 00:12:43]} {[%emt 00:00:05]} Qf1+ {[%clk 00:03:21]}
{[%emt 00:00:07]} 63. Kh2 {[%clk 00:13:10]} {[%emt 00:00:05]} Qf4+ {[%clk
00:03:38]} {[%emt 00:00:12]} 64. Kh1 {[%clk 00:13:29]} {[%emt 00:00:12]} g5
{[%clk 00:03:36]} {[%emt 00:00:32]} 65. Qd1 {[%clk 00:12:27]} {[%emt 00:01:31]}
Qe4+ {[%clk 00:01:43]} {[%emt 00:02:23]} 66. Kh2 {[%clk 00:12:39]} {[%emt
00:00:18]} Qf4+ {[%clk 00:01:19]} {[%emt 00:00:54]} 67. Kh1 {[%clk 00:12:54]}
{[%emt 00:00:15]} g4 {[%clk 00:01:37]} {[%emt 00:00:13]} 68. Qe1+ {[%clk
00:12:15]} {[%emt 00:01:09]} Kh3 {[%clk 00:01:37]} {[%emt 00:00:29]} 69. Qc3+
{[%clk 00:12:20]} {[%emt 00:00:26]} Qf3+ {[%clk 00:02:01]} {[%emt 00:00:06]}
0-1

[Event "ODJM B 2025"]
[Site "Willingen GER"]
[Date "2025.06.09"]
[Round "3"]
[White "Gulamov, Elmir"]
[Black "Salim, Florian"]
[Result "1-0"]
[Termination "normal"]
[Board "23"]
[WhiteElo "1765"]
[BlackElo "1730"]
[WhiteClock "00:15:23"]
[BlackClock "00:26:38"]
[PlyCount "85"]
[WhiteFideId "34604332"]
[BlackFideId "533001960"]
[EventCountry "GER"]
[EventRounds "9"]
[EventType "swiss"]
[EventDate "2025.06.07"]

1. d4 {[%clk 01:30:59]} Nf6 {[%clk 01:30:53]} {[%emt 00:00:08]} 2. c4 {[%clk
01:31:25]} {[%emt 00:00:04]} g6 {[%clk 01:31:16]} {[%emt 00:00:06]} 3. Nc3
{[%clk 01:31:51]} {[%emt 00:00:05]} Bg7 {[%clk 01:31:40]} {[%emt 00:00:06]} 4.
e4 {[%clk 01:32:12]} {[%emt 00:00:09]} d6 {[%clk 01:31:42]} {[%emt 00:00:28]}
5. Nf3 {[%clk 01:31:49]} {[%emt 00:00:53]} O-O {[%clk 01:32:06]} {[%emt
00:00:06]} 6. Be2 {[%clk 01:30:40]} {[%emt 00:01:39]} e5 {[%clk 01:29:38]}
{[%emt 00:02:57]} 7. O-O {[%clk 01:30:59]} {[%emt 00:00:11]} Nc6 {[%clk
01:29:52]} {[%emt 00:00:17]} 8. d5 {[%clk 01:31:24]} {[%emt 00:00:05]} Ne7
{[%clk 01:30:19]} {[%emt 00:00:04]} 9. Ne1 {[%clk 01:31:26]} {[%emt 00:00:27]}
Nd7 {[%clk 01:30:31]} {[%emt 00:00:19]} 10. Be3 {[%clk 01:31:49]} {[%emt
00:00:06]} f5 {[%clk 01:30:49]} {[%emt 00:00:12]} 11. f3 {[%clk 01:32:06]}
{[%emt 00:00:13]} f4 {[%clk 01:31:10]} {[%emt 00:00:09]} 12. Bf2 {[%clk
01:32:32]} {[%emt 00:00:04]} g5 {[%clk 01:31:32]} {[%emt 00:00:08]} 13. Rc1
{[%clk 01:32:46]} {[%emt 00:00:16]} h5 {[%clk 01:31:52]} {[%emt 00:00:10]} 14.
c5 {[%clk 01:32:59]} {[%emt 00:00:17]} a6 {[%clk 01:27:59]} {[%emt 00:04:23]}
15. b4 {[%clk 01:32:27]} {[%emt 00:01:02]} Nf6 {[%clk 01:24:36]} {[%emt
00:03:53]} 16. h3 {[%clk 01:29:55]} {[%emt 00:03:01]} Qe8 {[%clk 01:22:39]}
{[%emt 00:02:27]} 17. b5 {[%clk 01:26:43]} {[%emt 00:03:43]} g4 {[%clk
01:15:33]} {[%emt 00:07:36]} 18. fxg4 {[%clk 01:23:01]} {[%emt 00:04:12]} hxg4
{[%clk 01:15:30]} {[%emt 00:00:33]} 19. hxg4 {[%clk 01:16:04]} {[%emt
00:07:27]} Qg6 {[%clk 01:15:40]} {[%emt 00:00:20]} 20. b6 {[%clk 01:10:37]}
{[%emt 00:05:57]} Bxg4 {[%clk 01:06:35]} {[%emt 00:09:35]} 21. Bxg4 {[%clk
01:09:48]} {[%emt 00:01:19]} Nxg4 {[%clk 01:04:53]} {[%emt 00:02:11]} 22. Qf3
{[%clk 01:09:55]} {[%emt 00:00:24]} Nxf2 {[%clk 01:02:45]} {[%emt 00:02:38]}
23. Qxf2 {[%clk 01:09:38]} {[%emt 00:00:47]} cxb6 {[%clk 00:58:27]} {[%emt
00:04:48]} 24. cxb6 {[%clk 01:09:28]} {[%emt 00:00:40]} Rac8 {[%clk 00:58:11]}
{[%emt 00:00:47]} 25. Nf3 {[%clk 01:07:40]} {[%emt 00:02:16]} Bf6 {[%clk
00:55:47]} {[%emt 00:02:55]} 26. Nh2 {[%clk 00:59:40]} {[%emt 00:08:30]} Rf7
{[%clk 00:53:16]} {[%emt 00:03:01]} 27. Qf3 {[%clk 00:59:04]} {[%emt 00:01:06]}
Rg7 {[%clk 00:50:51]} {[%emt 00:02:55]} 28. Ne2 {[%clk 00:59:02]} {[%emt
00:00:32]} Bh4 {[%clk 00:47:26]} {[%emt 00:03:54]} 29. Rc7 {[%clk 00:44:10]}
{[%emt 00:15:23]} Rb8 {[%clk 00:39:00]} {[%emt 00:08:56]} 30. Rfc1 {[%clk
00:33:39]} {[%emt 00:11:01]} Qh7 {[%clk 00:35:28]} {[%emt 00:04:01]} 31. Nf1
{[%clk 00:27:09]} {[%emt 00:07:00]} Qg6 {[%clk 00:28:30]} {[%emt 00:07:29]} 32.
Rd7 {[%clk 00:17:16]} {[%emt 00:10:22]} Nc8 {[%clk 00:27:31]} {[%emt 00:01:29]}
33. Rxg7+ {[%clk 00:17:25]} {[%emt 00:00:22]} Qxg7 {[%clk 00:27:55]} {[%emt
00:00:06]} 34. Qh3 {[%clk 00:17:38]} {[%emt 00:00:16]} Nxb6 {[%clk 00:27:47]}
{[%emt 00:00:39]} 35. Qxh4 {[%clk 00:17:25]} {[%emt 00:00:42]} f3 {[%clk
00:27:50]} {[%emt 00:00:27]} 36. Neg3 {[%clk 00:17:21]} {[%emt 00:00:34]} fxg2
{[%clk 00:26:56]} {[%emt 00:01:24]} 37. Kxg2 {[%clk 00:16:41]} {[%emt
00:01:10]} Rf8 {[%clk 00:26:19]} {[%emt 00:01:07]} 38. Ne3 {[%clk 00:15:25]}
{[%emt 00:01:46]} Qf7 {[%clk 00:25:52]} {[%emt 00:00:58]} 39. Nef5 {[%clk
00:15:23]} {[%emt 00:00:31]} Nxd5 {[%clk 00:25:33]} {[%emt 00:00:49]} 40. Nh6+
{[%clk 00:15:13]} {[%emt 00:00:40]} Kg7 {[%clk 00:25:59]} {[%emt 00:00:05]} 41.
Nxf7 {[%clk 00:15:23]} {[%emt 00:00:19]} Nf4+ {[%clk 00:26:16]} {[%emt
00:00:14]} 42. Kg1 {[%clk 00:15:25]} {[%emt 00:00:27]} Rxf7 {[%clk 00:26:38]}
{[%emt 00:00:08]} 43. Nf5+ {[%clk 00:15:23]} {[%emt 00:00:31]} 1-0